00541 2200205 4500001002100000005001500021035002000036007000300056008004100059020001800100082000800118084001400126100001300140245004400153250001100197260003100208300004000239600003100279990002500310INLIS00000000000089020220930014634 a0010-0922000127ta220930 c 1 ind  a979-22-0304-4 a839 a839 LIN e1 aLindgren1 aEMIL DARI LONNEBERGA /cAstrid Lindgren aCet. 1 aJakarta :bGramedia,c2003 a112 hlm :bTerdapat Gambar ;c20 cm 4aFiksi Jerman, Prosa Jerman a01661/PSMUH/Hib/2022